Quizzes
Events
Quiz Creation
Community
Videos
Private Events
Remove Ads
Sign In
Join for FREE
Feedback
Dark Mode
Quiz Categories
Sports
Geography
Music
Movies
Television
Just For Fun
Miscellaneous
History
Literature
Language
Science
Gaming
Entertainment
Religion
Holiday
For Kids
Quiz Lab
Recent
Popular Today
Quiz Kudos Today
Editor Picks
Curator Picks
Quizzes by...
Day
Popularity
Type
Ratings
Length
Year
Community
Subscriptions
Recent Discussions
Orange Saloon
Badges
Playlists
Quests
Create
Leaderboards
Showdown
Live 5
Trivia Bingo
Activity
Puzzle Library
Sporcle Events
Private Events
Virtual Trivia
Globe League
Become a Host
Pub Owners
SporcleCon
Opinionation
Our Games
Videos
Blog
Mobile Apps
Partnerships
Remove Ads and Go Orange
Feedback
Miscellaneous
Crossword
General Knowledge
Baby Names
Logo
Food
Cars
Numbers
Grab Bag
University
College
Popular
Company
Slogans
Restaurants
Justice
Letter
Miscellaneous
Crossword
General Knowledge
Baby Names
Logo
Food
Cars
Numbers
Grab Bag
University
College
Popular
Company
Slogans
Restaurants
Justice
Letter
Random Quiz
Search Sporcle
×
Quiz Lab
Quiz Lab
Miscellaneous
Popular
Type in answers that appear in a list
Type in answers that appear in a list
Classic
Best Score? Go Orange.
Most Popular Boys' Names (2000s) Stats
Can you name the Most Popular Boys' Names (2000s)?
By
donarvon
10m
100 Questions
726 Plays
726 Plays
726 Plays
Comments
Comments
Give Quiz Kudos
Give Quiz Kudos
-
- Ratings
hide this ad
More Info
Replay
Link that replays current quiz
Next Quiz
Link to next quiz in quiz playlist
You Got
0%
They Got
Avg Score
43%
Avg Friend Score
Upgrade to see
Score Distribution
Jump to the score distribution portion of the page
Score
0/100
Timer
10:00
0
Plays Today
Rank
% Correct
18
John
92.5%
2
Michael
86%
17
James
85.5%
4
Matthew
83.6%
10
William
80%
12
David
78.9%
5
Daniel
76.9%
7
Andrew
76.7%
6
Christopher
76.4%
36
Robert
75.4%
1
Jacob
75%
40
Jack
74.9%
37
Thomas
74.7%
31
Jose
73.5%
67
Alex
69.9%
79
Steven
68.8%
9
Joseph
67.8%
15
Ryan
67.1%
25
Benjamin
64%
62
Brian
63.7%
24
Samuel
62.6%
3
Joshua
62.2%
33
Kevin
61.7%
48
Luke
61.6%
60
Adam
59.9%
49
Jason
59.4%
14
Nicholas
59.3%
90
Richard
59.3%
19
Jonathan
58.8%
27
Nathan
58.8%
13
Alexander
57.7%
11
Anthony
57.3%
29
Justin
57.3%
63
Eric
56.4%
Rank
% Correct
16
Tyler
56.2%
26
Zachary
56.2%
58
Charles
54.4%
52
Aaron
53.2%
21
Brandon
52.9%
82
Timothy
52.9%
66
Sean
52.1%
97
Patrick
51.9%
56
Kyle
51.5%
8
Ethan
50.6%
61
Lucas
45.3%
38
Jordan
44.3%
70
Ian
44.3%
69
Bryan
43.5%
45
Evan
43.1%
22
Christian
42.4%
42
Jackson
41.4%
72
Jesus
39.1%
23
Dylan
39%
53
Connor
37.4%
54
Aiden
36.2%
65
Nathaniel
36.2%
20
Noah
36%
46
Isaac
34.4%
32
Austin
34.1%
96
Liam
33.7%
57
Juan
32.3%
89
Cody
31.4%
35
Caleb
30.9%
39
Cameron
30.8%
41
Hunter
30.5%
68
Carlos
30.4%
28
Logan
30.1%
76
Cole
26.8%
Rank
% Correct
99
Jesse
25.4%
30
Gabriel
24.7%
91
Seth
24.3%
71
Owen
24.2%
47
Mason
23.9%
81
Xavier
23.6%
55
Aidan
23.1%
51
Jayden
22.9%
86
Blake
22.8%
88
Devin
22.4%
34
Elijah
22.2%
83
Carter
22.2%
75
Chase
22%
44
Isaiah
20.9%
50
Gavin
20.2%
87
Hayden
20%
95
Miguel
19.5%
92
Dominic
18.8%
74
Julian
18.5%
84
Wyatt
18.4%
85
Brayden
18.4%
73
Landon
18.1%
64
Adrian
17.5%
94
Antonio
17.5%
78
Jeremiah
17.3%
100
Tristan
17.1%
43
Angel
17%
59
Luis
16.2%
93
Jaden
16.2%
98
Carson
15.1%
80
Sebastian
14.1%
77
Diego
12.8%
Quiz Playlist
Details
Report
Send in Message
Add To Playlist
More Info:
If it ends in an -en sound, it's probably on the list.
Classic:
Type in answers that appear in a list
Quiz Source
Last Updated: Feb 16, 2017
Quiz Scoreboard
CHALLENGE
Sign Up to Join the Scoreboard
Show All
Scores
Hide
Comments
May contain spoilers
Recently Published
9x9 Crossword: Cartoon Network
by jackfrog10
Miscellaneous
3m
College Basketball Coaching Resumes
by pancakes188
Sports
9m
Billboard Blitz: Fleetwood Mac
by CooCooCachoo
Music
15s
More to Explore
Quiz From the Vault
Featured Blog Post
Where Did the Easter Bunny Come From?
hide this ad
You Might Also Like...
Tags
Popular Quiz
2000
Boy
Boys Names
Today's Top Quizzes in Miscellaneous
Browse Miscellaneous
hide this ad
Today's Top Quizzes in Popular
Browse Popular
Top Contributed Quizzes in Miscellaneous
1
5-to-1: Fast Food
2
The JOE quick-fire general knowledge quiz: Day 174
3
The JOE quick-fire general knowledge quiz: Day 173
4
5-to-1: Cocktails
5
The JOE quick-fire general knowledge quiz: Day 172
6
Sunday Crossword: Famous Bodies of Water
7
The JOE quick-fire general knowledge quiz: Day 171
8
Named After an Animal - Odd One Out!
9
One Thing in Common: United Kingdom II
10
The JOE quick-fire quiz: Day 170
Explore More
Trending Topics
Harry Potter
Marvel
Anime
Disney
Crossword
NBA
Kpop
Puzzle
Soccer
NFL
WWE
The Office
Country
Song
Pokémon
hide this ad
More By:
donarvon
Quiz
Plays
Rating
Category
Featured
Created
1980s TV Duos
740
3.33
Television
Apr 7, 2010
Most Popular Boys' Names (2000s)
726
5.00
Miscellaneous
Jun 22, 2010
Most Popular Girls' Names (2000s)
698
4.75
Miscellaneous
Jun 22, 2010
Television Siblings
324
4.00
Television
Apr 7, 2010
Television Actors String
249
2.50
Television
Apr 14, 2010
Go to Creator's Profile
Score Distribution
Quiz Creator Spotlight
donarvon
Follow
Send a Message
Quizzes Created
-
Created Quiz Play Count
-
More By This Creator
Popular Quizzes Today
1
Find the US States - No Outlines Minefield
2
Find the Countries of Europe - No Outlines Minefield
3
The Countries of the World
4
Find the US States
5
Risky Map Clicking: Biggest States A-Z
6
US States
7
Popular People in 1961
8
Movies - When Are They Set?
More Miscellaneous Quizzes
Grab Bag of FIRE!
Editor's Pick
Trending Quizzes
Risky Map Clicking: Least Populous States A-Z
1-10 Letter G Words
1-10 Letter F Words
Risky Map Clicking: Next State Alphabetically
Adjectives in 80s TV Shows
Recently Updated
Leaping Animals
pecheneg
Reality TV Shows (A-Z)
bhenderson79
Rickey Henderson's Hall of Fame Teammates
pecheneg
Champions League XIs: Arsenal
pecheneg
Quick Pick: Celebrities in WWE's Hall of Fame
aduchscher
A-Z Keypad Blitz II
pecheneg
Multiple Oscar Actors
pecheneg
Mystery Phrase Blitz: Oscar 'Best Actors'
pecheneg
F. Scott Fitzgerald Novels
LTH
Pick 3 Villains
ddd62291
Trending Topics
Harry Potter
Marvel
Disney
Kpop
Anime
NBA
Crossword
WWE
Soccer
Puzzle
The Office
Country
NFL
Song
Pokémon
Your Account Isn't Verified!
In order to create a playlist on Sporcle, you need to verify the email address you used during registration. Go to your
Sporcle Settings
to finish the process.
Report this User
Report this user for behavior that violates our
Community Guidelines
.
Details:
Send Report
Go to the Sporcle.com Mobile Site →
Comments